| 000 | 006280000a22001810004500 | ||
|---|---|---|---|
| 090 |
_aAR _b00574 |
||
| 245 | 1 | 0 | _aAbundance, distribution, and movements of manatees (<Trichechus manatus>) in Brevard County, Florida |
| 650 | 1 | 4 |
_aMamíferos acuáticos _993274 |
| 650 | 1 | 4 |
_aDistribución geográfica _992997 |
| 650 | 1 | 4 |
_aDensidad poblacional _97576 |
| 650 | 1 | 4 |
_aUso del habitat _93825 |
| 651 | 4 |
_dFlorida _pEstados Unidos _992749 |
|
| 653 |
_gTrichechus _eTrichechus manatus _vmanatí |
||
| 041 | 0 | _aInglés | |
| 100 | 1 |
_aShane, Susan H. _993642 |
|
| 942 | _cARTICULO | ||
| 773 | 1 |
_tBulletin of Marine Science _3158 _h1 _q1-9 _d1983 _g33 |
|
| 999 |
_c9666 _d9666 |
||